000 00316nam a2200097Ia 4500
008 220120s9999||||xx |||||||||||||| ||und||
100 _aRakesh k g, sachin r. nayak, sinchana, sachin m d
_912750
245 0 _aT-Shirt design application
260 _aCoorg Institute of Technology
_bPonnampet
650 _aCOMPUTER SCIENCE
999 _c138350
_d138350